000
00399nam a22001697a 4500
003
MPLRDC
005
20220104151047.0
008
210129b ||||| |||| 00| 0 eng d
082
_a
857.7 YF c.2
100
_a
玉峰
245
_a
财与色的谜宫
_c
250
_a
初版
260
_a
_b
科华图书出版公司
_c
1983
300
_b
平
650
_a
长篇小说
942
_c
BK
_o
857.7 YF c.2
999
_c
52173
_d
52163